| 000 | 00800nam a22002177a 4500 | ||
|---|---|---|---|
| 999 |
_c13408 _d13408 |
||
| 008 | 190311b ||||| |||| 00| 0 eng d | ||
| 020 | _a9781441190253 | ||
| 082 |
_22010 _aAV-EB 327.1209 _bH611 |
||
| 100 |
_aHewitt,Steve. _937494 |
||
| 245 |
_aSnitch! : _ba history of the modern intelligence informer / _cSteve Hewitt. |
||
| 250 | _aFirst Edition | ||
| 260 |
_bBloomsbury Academic & Professional, _c©2010. |
||
| 300 | _a218 pages; | ||
| 500 | _aIncludes index. | ||
| 650 |
_aInformers -- Case studies. _937495 |
||
| 650 |
_aIntelligence service -- Case studies. _937496 |
||
| 650 |
_aWar on Terrorism, 2001-2009 -- Case studies. _937497 |
||
| 700 |
_aHewitt,Steve. _937494 |
||
| 856 | _yhttps://ebookcentral.proquest.com/lib/uniofmindanao-ebooks/detail.action?docID=601771 | ||
| 942 |
_2ddc _cEB |
||